2-Letter Chain Link #1 - Statistics

General Stats
  • This quiz has been taken 56 times
    38 since last reset
  • The average score is 8 of 30
Answer Stats
Hint Answer % Correct
Capital of Canada Ottawa
71%
Cooked snails Escargot
68%
Mysterious or puzzling thing Enigma
39%
Son of Daedalus Icarus
39%
River in southeast Asia Mekong
39%
Ghost Phantom
36%
Triangle with two even sides Isosceles
32%
Popular Vietnamese last name Nguyen
32%
15th Greek letter Omicron
32%
Fortess in Andalusia Alhambra
29%
Tripartite WWII alliance Axis
29%
Green soybeans Edamame
29%
Irish sprite Leprechaun
29%
Set of reasons Rationale
25%
Related to a metrical foot in poetry Iambic
21%
Italian diplomat and philosopher Machiavelli
21%
Believer in free will Libertarian
18%
Denoted by lambda in physics Wavelength
18%
Bacterial infection from animal products Anthrax
14%
Related to the internal heat of the earth Geothermal
14%
Fear of women Gynophobia
14%
Study of being Ontology
14%
Sedative drug causing birth defects Thalidomide
14%
Avaricious money lender Usurer
14%
Part of the brain that handles movement Cerebellum
11%
To exit via the window Defenestrate
11%
Printing mistake Erratum
11%
Anti-alcohol movement Temperance
11%
Offence or annoyance Umbrage
11%
Not burdened or impeded Unencumbered
4%
No matching quizzes found
Score Distribution
Percent of People with Each Score
Percentile by Number Answered
Your Score History
You have not taken this quiz since the last reset